| 000 | 00906cam a2200217 a 4500 | ||
|---|---|---|---|
| 001 | 000014224 | ||
| 003 | DO-SdBNP | ||
| 005 | 20250707114550.0 | ||
| 008 | 791218s1976 ve a b f000 0 spa | ||
| 040 |
_aDO-SdBNP _bspa _cBNPHU |
||
| 100 | 1 |
_aArcila Farías, Eduardo, _b1947- _932137 |
|
| 245 | 1 | 3 |
_aEl pensamiento económico hispanoamericano en Baquijano y Carrillo / _cEduardo Arcila Farías. |
| 260 |
_aCaracas : _bConsejo Nacional de la Cultura ; _bCentro de Estudios Latinoamericanos¨Rómulo Gallegos¨, _c1976. |
||
| 300 |
_a150 p. : _bil. ; _c23 cm. |
||
| 490 | 0 | _aRepertorio americano | |
| 500 | _a"Disertacion historica y politica sobre el comercio del Peru": p. 65-120. | ||
| 504 | _aIncluye referencias bibliográficas y notas al pie de las páginas. | ||
| 600 | 1 | 0 |
_aBaquíjano y Carrillo, José, _d1751-1817 _932138 |
| 651 |
_aPerú _xCondiciones económicas _932235 |
||
| 942 |
_2ddc _cLBS1 |
||
| 999 |
_c13823 _d13823 |
||